Literature Supercompilation - Statistics

General Stats
  • This quiz has been taken 80 times
  • The average score is 17 of 50
Answer Stats
Year Work Author(s) % Correct
1942 The Stranger Albert Camus
100%
1854 The Charge of the Light Brigade Alfred Tennyson
100%
1897 Dracula Bram Stoker
100%
1861 Great Expectations Charles Dickens
100%
1859 A Tale of Two Cities Charles Dickens
100%
1837 The Pickwick Papers Charles Dickens
100%
1847 Jane Eyre Charlotte Bronte
100%
1950-1956 The Chronicles of Narnia C.S. Lewis
100%
1845 The Raven Edgar Allan Poe
100%
1847 Wuthering Heights Emily Brontë
100%
1926 The Sun Also Rises Ernest Hemingway
100%
1938 Scoop Evelyn Waugh
100%
1915 The Metamorphosis Franz Kafka
100%
1866 Crime and Punishment Fyodor Dostoevsky
100%
1868-1869 The Idiot Fyodor Dostoevsky
100%
1949 1984 George Orwell
100%
1852 Uncle Tom's Cabin Harriet Beecher Stowe
100%
c. 700 BCE Iliad Homer
100%
c. 700 BCE The Odyssey Homer
100%
1906 White Fang Jack London
100%
1812-1858 Grimm's Fairy Tales Jacob Grimm | Wilhelm Grimm | Brothers Grimm
100%
1914 Dubliners James Joyce
100%
1922 Ulysses James Joyce
100%
1818 Persuasion Jane Austen
100%
1937 Of Mice and Men John Steinbeck
100%
1954-1955 The Lord of the Rings J.R.R. Tolkien
100%
1937 The Hobbit J.R.R. Tolkien
100%
1848 The Communist Manifesto Karl Marx
100%
1869 War and Peace Leo Tolstoy
100%
1865 Alice's Adventures in Wonderland Lewis Carroll
100%
1985 The Handmaid's Tale Margaret Atwood
100%
1889 A Connecticut Yankee in King Arthur's Court Mark Twain
100%
1818 Frankenstein Mary Shelley
100%
1890 The Picture of Dorian Gray Oscar Wilde
100%
1841 Self-Reliance Ralph Waldo Emerson
100%
1883 Treasure Island Robert Louis Stevenson
100%
1886 Strange Case of Dr Jekyll and Mr Hyde Robert Louis Stevenson
100%
1981 Midnight's Children Salman Rushdie
100%
c. 441 BCE Antigone Sophocles
100%
1906 The Jungle Upton Sinclair
100%
1962 Les Miserables Victor Hugo
100%
1936 Absalom, Absalom! William Faulkner
100%
1597 Romeo and Juliet William Shakespeare
100%
1623 Twelfth Night William Shakespeare
100%
1623 Macbeth William Shakespeare
100%
1939 The Grapes of Wrath John Steinbeck
90%
1944 Animal Farm George Orwell
89%
1903 The Call of the WIld Jack London
89%
1813 Pride and Prejudice Jane Austen
89%
1952 East of Eden John Steinbeck
89%
1868-1869 Little Women Louisa May Alcott
89%
1838 Oliver Twist Charles Dickens
88%
1878 Anna Karenina Leo Tolstoy
88%
1843 A Christmas Carol Charles Dickens
86%
1867-1883 Das Kapital Karl Marx
86%
1988 Matilda Roald Dahl
86%
1947 A Streetcar Named Desire Tennessee Williams
86%
29-19 BCE Aeneid Virgil
86%
1925 Mrs Dalloway Virginia Woolf
86%
1608 King Lear William Shakespeare
86%
1844-1846 The Count of Monte Cristo Alexandre Dumas
83%
1949 Death of a Salesman Arthur Miller
83%
1960 To Kill A Mockingbird Harper Lee
83%
1957 On The Road Jack Kerouac
83%
1605, 1615 Don Quixote Miguel de Cervantes
83%
1603 Hamlet William Shakespeare
83%
1850 David Copperfield Charles Dickens
80%
1321 Divine Comedy Dante Alighieri
80%
1925 The Great Gatsby F. Scott Fitzgerald
80%
1939 Finnegans Wake James Joyce
80%
1864 Journey to the Center of the Earth Jules Verne
80%
1885 Adventures of Huckleberry Finn Mark Twain
80%
1797-1798 The Rime of the Ancient Mariner Samuel Taylor Coleridge
80%
1623 The Tempest William Shakespeare
80%
1876 The Adventures of Tom Sawyer Mark Twain
78%
1932 Brave New World Aldous Huxley
75%
1839 Nicholas Nickleby Charles Dickens
75%
1924 A Passage to India E.M. Forster
75%
1967 One Hundred Years of Solitude Gabriel García Márquez
75%
1913 Pygmalion George Bernard Shaw
75%
1726 Gulliver's Travels Johnathan Swift
75%
1871 Jabberwocky Lewis Carroll
75%
1964 Charlie and the Chocolate Factory Roald Dahl
75%
1970 Fantastic Mr Fox Roald Dahl
75%
c. 429 BCE Oedipus Rex Sophocles
75%
1955 Cat on a Hot Tin Roof Tennessee Williams
75%
1944 The Glass Menagerie Tennessee Williams
75%
1927 To the Lighthouse Virginia Woolf
75%
1955 Lolita Vladimir Nabokov
75%
1847-1848 Vanity Fair William Makepeace Thackeray
75%
c. 375 BCE Republic Plato
71%
1922 The Waste Land T.S. Eliot
71%
1929 The Sound and the Fury William Faulkner
71%
1990 Possession A.S. Byatt
67%
1854 Hard Times Charles Dickens
67%
1719 Robinson Crusoe Daniel Defoe
67%
1843 The Tell-Tale Heart Edgar Allan Poe
67%
1846 The Cask of Amontillado Edgar Allan Poe
67%
1898 The War of the Worlds H.G. Wells
67%
1951 The Catcher in the Rye J.D. Salinger
67%
1963 The Spy Who Came in From the Cold John le Carré
67%
2001 The Corrections Jonathan Franzen
67%
1899 Heart of Darkness Joseph Conrad
67%
1962 One Flew Over the Cuckoo's Nest Ken Kesey
67%
1969 Slaughterhouse Five Kurt Vonnegut
67%
1935 Little House on the Prairie Laura Ingalls Wilder
67%
1969 The Godfather Mario Puzo
67%
1952 Invisible Man Ralph Ellison
67%
1891 Tess of the d'Urbervilles Thomas Hardy
67%
1954 Lord of the Flies William Golding
67%
1623 The Merchant of Venice William Shakespeare
67%
1872 Around the World in Eighty Days Jules Verne
63%
1947 The Plague Albert Camus
60%
1953 The Go-Between L.P. Hartley
60%
1928 Orlando Virginia Woolf
60%
1853 Bleak House Charles Dickens
57%
1854 Walden, or Life in the Woods Henry David Thoreau
57%
1916 A Portrait of the Artist as a Young Man James Joyce
57%
1667 Paradise Lost John Milton
57%
8 CE Metamorphoses Ovid
57%
1982 The BFG (The Big Friendly Giant) Roald Dahl
57%
1934 I, Claudius Robert Graves
57%
1966 In Cold Blood Truman Capote
57%
1904 The Cherry Orchard Anton Chekhov
50%
1901 Three Sisters Anton Chekhov
50%
397-400 AD Confessions Augustine of Hippo
50%
1857 Little Dorrit Charles Dickens
50%
475-221 BCE Analects Confucius
50%
1920 Women in Love D.H. Lawrence
50%
1962 The Golden Notebook Doris Lessing
50%
1849 Annabel Lee Edgar Allan Poe
50%
1911 Ethan Frome Edith Wharton
50%
1945 Brideshead Revisited Evelyn Waugh
50%
1925 The Trial Franz Kafka
50%
1926 The Castle Franz Kafka
50%
1940 The Power and the Glory Graham Greene
50%
1895 The Time Machine H.G. Wells
50%
1788 Critique of Practical Reason Immanuel Kant
50%
1904, 1911 Peter Pan, or The Boy Who Wouldn't Grow Up J.M. Barrie
50%
1774 The Sorrows of Young Werther Johann Wolfgang von Goethe
50%
1790 Faust Johann Wolfgang von Goethe
50%
1960 Rabbit, Run John Updike
50%
1961 Catch-22 Joseph Heller
50%
1954 Lucky Jim Kingsley Amis
50%
1876 The Hunting of the Snark Lewis Carroll
50%
1936 Gone With The Wind Margaret Mitchell
50%
1517 Ninety-five Theses Martin Luther
50%
1930 Private Lives Noël Coward
50%
1941 Blithe Spirit Noël Coward
50%
1985 Perfume Patrick Süskind
50%
1953 Fahrenheit 451 Ray Bradbury
50%
1641 Meditations on First Philosophy René Descartes
50%
1949 The Second Sex Simone de Beauvoir
50%
1925 An American Tragedy Theodore Dreiser
50%
1878 The Return of the Native Thomas Hardy
50%
1915 Of Human Bondage William Somerset Maugham
50%
1957 Doctor Zhivago Boris Pasternak
44%
1934 A Handful of Dust Evelyn Waugh
43%
1883-1885 Thus Spoke Zarathustra Friedrich Nietzsche
43%
1860 The Mill on the Floss George Eliot
43%
1959 Naked Lunch William S. Burroughs
43%
1962 A Clockwork Orange Anthony Burgess
40%
1905 The House of Mirth Edith Wharton
40%
1880 The Brothers Karamazov Fyodor Dostoevsky
40%
1689 Two Treatises of Government John Locke
40%
1936 The General Theory Of Employment, Interest, and Money John Maynard Keynes
40%
1870 Twenty Thousand Leagues Under the Sea Jules Verne
40%
1927 Being and Time Martin Heidegger
40%
1532 The Prince Niccolò Machiavelli
40%
1820 To a Skylark Percy Shelley
40%
1987 Beloved Toni Morrison
40%
1963 The Feminine Mystique Betty Friedan
38%
1781 Critique of Pure Reason Immanuel Kant
38%
1978 The Sea, The Sea Iris Murdoch
38%
1973 Breakfast of Champions Kurt Vonnegut
38%
1939 The Big Sleep Raymond Chandler
38%
1938 Our Town Thornton Wilder
38%
1776 The Wealth of Nations Adam Smith
33%
1956 The Fall Albert Camus
33%
1895 The Seagull Anton Chekhov
33%
4th Century BCE Metaphysics Aristotle
33%
1943 The Fountainhead Ayn Rand
33%
1857 Les Fleurs du mal (The Flowers of Evil) Charles Baudelaire
33%
1996 Infinite Jest David Foster Wallace
33%
1992 The Secret History Donna Tartt
33%
1871-1893 Les Rougon-Macquart Émile Zola
33%
1861 Silas Marner George Eliot
33%
1851 Moby-Dick Herman Melville
33%
1896 The Island of Doctor Moreau H.G. Wells
33%
1962 Another Country James Baldwin
33%
1962 Travels with Charley John Steinbeck
33%
1953 Philosophical Investigations Ludwig Wittgenstein
33%
1961 The Prime of Miss Jean Brodie Muriel Spark
33%
1818 Ozymandias Percy Shelley
33%
1953 Waiting for Godot Samuel Beckett
33%
1967 The Outsiders S.E. Hinton
33%
1265-1274 Summa Theologica Thomas Aquinas
33%
1651 Leviathan Thomas Hobbes
33%
1966 The Crying of Lot 49 Thomas Pynchon
33%
1973 Gravity's Rainbow Thomas Pynchon
33%
1759 Candide Voltaire
33%
1918 My Ántonia Willa Cather
33%
1622 Othello William Shakespeare
33%
2000 White Teeth Zadie Smith
33%
2001 Atonement Ian McEwan
30%
1953 Go Tell it on the Mountain James Baldwin
30%
1940 The Heart is a Lonely Hunter Carson McCullers
29%
c. 300 BCE Elements Euclid
29%
401 BCE Oedipus Coloneus Sophocles
29%
1901 Buddenbrooks Thomas Mann
29%
1927 Death Comes for the Archbishop Willa Cather
29%
1962 One Day in the Life of Ivan Denisovich Alexander Solzhenitsyn
25%
1855-1867 Chronicles of Barsetshire Anthony Trollope
25%
1898 Uncle Vanya Anton Chekhov
25%
1025 The Canon of Medicine Avicenna
25%
1721 Persian Letters Baron de Montesquieu
25%
1670 Pensées (Thoughts) Blaise Pascal
25%
1920 The Age of Innocence Edith Wharton
25%
1956 Long Day's Journey Into Night Eugene O'Neill
25%
1944 The Road to Serfdom Friedrich Hayek
25%
1905 Man and Superman George Bernard Shaw
25%
1807 The Phenomenology of Spirit Georg Wilhelm Friedrich Hegel
25%
c. 1792-1750 BCE Code of Hammurabi Hammurabi
25%
1849 Civil Disobedience Henry David Thoreau
25%
1934 Tropic of Cancer Henry Miller
25%
1966 Wide Sargasso Sea Jean Rhys
25%
1904 A Confederacy of Dunces John Kennedy Toole
25%
1689 An Essay Concerning Human Understanding John Locke
25%
1970 Are You There God? It's Me, Margaret Judy Blume
25%
1908 The Wind in the Willows Kenneth Grahame
25%
1664 Tartuffe Moliere
25%
1992 Snow Crash Neal Stephenson
25%
1924 The Vortex Noël Coward
25%
5th Century BCE The Art of War Sun Tzu
25%
1935 Murder in the Cathedral T.S. Eliot
25%
1961 A House for Mr. Biswas V.S. Naipaul
25%
1854-1855 North and South Elizabeth Gaskell
22%
1677 Ethics Baruch Spinoza
20%
1985 Blood Meridian Cormac McCarthy
20%
1748 An Enquiry Concerning Human Understanding David Hume
20%
1939 At Swim-Two-Birds Flann O'Brien
20%
1897 The Invisible Man H.G. Wells
20%
1905 Kipps H.G. Wells
20%
1762 The Social Contract Jean-Jacques Rousseau
20%
1934 Appointment in Samarra John O'Hara
20%
1955 The Chrysalids John Wyndham
20%
2000 The Blind Assassin Margaret Atwood
20%
1984 Money Martin Amis
20%
1962 Capitalism and Freedom Milton Friedman
20%
1819 Ode to the West Wind Percy Shelley
20%
1969 Portnoy's Complaint Philip Roth
20%
1947 All the King's Men Robert Penn Warren
20%
1798 Lyrical Ballads Samuel Taylor Coleridge | William Wordsworth
20%
44-38 BCE Eclogues Virgil
20%
1944 The Razor's Edge William Somerset Maugham
20%
5th Century BCE The Oresteia (Agamemnon, The Libation Bearers, Eumenides) Aeschylus
17%
1957 Atlas Shrugged Ayn Rand
17%
1945 The Berlin Stories Christopher Isherwood
17%
55 BCE De Oratore Cicero
17%
1943 Being and Nothingness Jean-Paul Sartre
17%
1946 Existentialism Is a Humanism Jean-Paul Sartre
17%
1899 The Awakening Kate Chopin
17%
1975 Discipline and Punish Michel Foucault
17%
1969 Ubik Philip K. Dick
17%
1843 Either/Or Søren Kierkegaard
17%
1256-1259 Disputed Questions on Truth Thomas Aquinas
17%
1962 Pale Fire Vladimir Nabokov
17%
1932 Light in August William Faulkner
17%
1967 The Confessions of Nat Turner William Styron
17%
1937 Their Eyes Were Watching God Zora Neale Hurston
17%
1818 The World as Will and Representation Arthur Schopenhauer
14%
1948 I Capture the Castle Dodie Smith
14%
1945 Lark Rise to Candleford Flora Thompson
14%
1886 Beyond Good and Evil Friedrich Nietzsche
14%
1859 On Liberty John Stuart Mill
14%
1990 Gender Trouble Judith Butler
14%
c. 77 AD Natural History Pliny the Elder
14%
1958 Things Fall Apart Chinua Achebe
13%
44 BCE De Officiis Cicero
13%
1975 Ragtime E.L. Doctorow
13%
1977 Falconer John Cheever
13%
1964 Herzog Saul Bellow
13%
161-180 AD Meditations Marcus Aurelius
11%
1733 Letters on the English Voltaire
11%
1803 A Treatise on Political Economy Jean-Baptiste Say
10%
426 AD The City of God Augustine of Hippo
9%
1947 Under the Volcano Malcolm Lowry
9%
1759 The Theory of Moral Sentiments Adam Smith
0%
472 BCE The Persians Aeschylus
0%
1986-1987 Watchmen Alan Moore | Dave Gibbons
0%
1981 After Virtue Alasdair MacIntrye
0%
1827 The Betrothed Alessandro Manzoni
0%
1833 Democracy in America Alexis de Tocqueville
0%
1856 The Old Regime and the Revolution Alexis de Tocqueville
0%
1890 Principles of Economics Alfred Marshall
0%
1842 Ulysses Alfred Tennyson
0%
1830 Poems, Chiefly Lyrical Alfred Tennyson
0%
c. 1100 The Incoherence of Philosophers al-Ghazali
0%
1951-1975 A Dance to the Music of Time Anthony Powell
0%
1891 The Duel Anton Chekhov
0%
1887 Ivanov Anton Chekhov
0%
3rd Century BCE Argonautica Apollonius of Rhodes
0%
c. 335 BCE Poetics Aristotle
0%
4th Century BCE Nicomachean Ethics Aristotle
0%
1982 "Master Harold"...and the boys Athol Fugard
0%
1178 Fasl al-Maqal (The Decisive Treatise) Averroes
0%
1180 Tahafut al-Tahafut (Incoherence of the Incoherence) Averroes
0%
1027 The Book of Healing (The Cure) Avicenna
0%
1748 The Spirit of the Law Baron de Montesquieu
0%
1957 The Assistant Bernard Malamud
0%
1939 Mother Courage and Her Children Bertolt Brecht
0%
1903 The Principles of Mathematics Bertrand Russell
0%
1910, 1912, 1913 Principia Mathematica Bertrand Russell | Alfred North Whitehead
0%
1656-1657 Lettres Provinciales (Provincial Letters) Blaise Pascal
0%
2010 Clybourne Park Bruce Norris
0%
1979 Cloud 9 Caryl Churchill
0%
1764 On Crimes and Punishment Cesare Beccaria
0%
1940 The Man Who Loved Children Christina Stead
0%
54-51 BCE De Re Publica Cicero
0%
1929 Red Harvest Dashiell Hammett
0%
1739-1740 A Treatise of Human Nature David Hume
0%
1751 An Enquiry Concerning the Principles of Morals David Hume
0%
1817 On the Principles of Political Economy and Taxation David Ricardo
0%
1751-1772 Encyclopédie Denis Diderot | Jean le Rond d'Alembert
0%
1985 White Noise Don DeLillo
0%
1831 To Helen Edgar Allan Poe
0%
1900-1901 Logical Investigations Edmund Husserl
0%
1938 The Death of the Heart Elizabeth Bowen
0%
1910 Anarchism and Other Essays Emma Goldman
0%
1911 The Secret Garden Frances Hodgson Burnett
0%
1620 Novum Organum Francis Bacon
0%
1605 The Advancement of Learning Francis Bacon
0%
1882 The Gay Science Friedrich Nietzsche
0%
1848 White Nights Fyodor Dostoevsky
0%
1951 The Mystery of Being Gabriel Marcel
0%
1836 Woyzeck Georg Büchner
0%
1710 A Treatise Concerning the Principles of Human Knowledge George Berkeley
0%
1713 Three Dialogues between Hylas and Philonous George Berkeley
0%
1871-1872 Middlemarch George Eliot
0%
1892 The Diary of a Nobody George Grossmith | Weedon Grossmith
0%
1812-1816 Science of Logic Georg Wilhelm Friedrich Hegel
0%
1817 Encyclopedia of the Philosophical Sciences Georg Wilhelm Friedrich Hegel
0%
1820 Elements of the Philosophy of Right Georg Wilhelm Friedrich Hegel
0%
1725 The New Science Giambattista Vico
0%
1890 Cavalleria rusticana Giovanni Verga
0%
1881 I Malavoglia Giovanni Verga
0%
1948 The Heart of the Matter Graham Greene
0%
1951 The Origins of Totalitarianism Hannah Arendt
0%
1958 The Human Condition Hannah Arendt
0%
1945 Loving Henry Green
0%
1934 Call It Sleep Henry Roth
0%
1910 The History of Mr Polly H.G. Wells
0%
1910 When the Sleeper Wakes H.G. Wells
0%
1837-1843 Illusions Perdues (Lost Illusions) Honoré de Balzac
0%
1625 De jure belli ac pacis (On the Law of War and Peace) Hugo Grotius
0%
1609 Mare Liberum Hugo Grotius
0%
1790 Critique of Judgement Immanuel Kant
0%
2004 Suite Française (French Suite) Irene Nemirovsky
0%
1954 Under the Net Iris Murdoch
0%
1967 Speech and Phenomena Jacques Derrida
0%
1967 Of Grammatology Jacques Derrida
0%
1957 A Death in the Family James Agee
0%
1970 Deliverance James Dickey
0%
1576 The Six Books of the Republic Jean Bodin
0%
1755 Discourse on Inequality Jean-Jacques Rousseau
0%
1762 Emile, or On Education Jean-Jacques Rousseau
0%
1938 Nausea Jean-Paul Sartre
0%
1965 The Painted Bird Jerzy Kosinski
0%
1970 Play It As It Lays Joan Didion
0%
1960 The Sot-Weed Factor John Barth
0%
1969 The French Lieutenant's Woman John Fowles
0%
1906-1921 The Forsyte Saga John Galsworthy
0%
1930 A Treatise on Money John Maynard Keynes
0%
1843 A System of Logic John Stuart Mill
0%
1861 Utilitarianism John Stuart Mill
0%
1994 What a Carve Up! Jonathan Coe
0%
1907 The Secret Agent Joseph Conrad
0%
58-49 BCE Commentarii de Bello Gallico Julius Caesar
0%
1945 The Open Society and Its Enemies Karl Popper
0%
1970 Sexual Politics Kate Millett
0%
2005 Never Let Me Go Kazuo Ishiguro
0%
1871 Through the Looking-Glass Lewis Carroll
0%
c. 27-9 BCE Ad urba condita Livy
0%
1959 A Raisin in the Sun Lorraine Hansberry
0%
1st Century BCE De rerum natura Lucretius
0%
1922 Tractatus Logico-Philosophicus Ludwig Wittgenstein
0%
1980 Housekeeping Marilynne Robinson
0%
1873 The Gilded Age: A Tale of Today Mark Twain | Charles Dudley Warner
0%
1948 L'Arrêt de mort (Death Sentence) Maurice Blanchot
0%
1905 The Protestant Ethic and the Spirit of Capitalism Max Weber
0%
1976, 1984 1984, 2018 The History of Sexuality Michel Foucault
0%
1967 The Master and Margarita Mikhail Bulgakov
0%
5th-3rd Centuries BCE Mozi Mozi
0%
1939 The Day of the Locust Nathanael West
0%
1988 Manufacturing Consent Noam Chomsky | Edward S. Herman
0%
1766 The Vicar of Wakefield Oliver Goldsmith
0%
1773 She Stoops to Conquer Oliver Goldsmith
0%
1949 The Sheltering Sky Paul Bowles
0%
1977 Staying On Paul Scott
0%
1811 The Necessity of Atheism Percy Shelley
0%
1892 The Conquest of Bread Peter Kropotkin
0%
1975 Animal Liberation Peter Singer
0%
1351-1374 Triumphs Petrarch
0%
1327-1368 Il Canzoniere Petrarch
0%
1st Century AD Satyricon Petronius
0%
1938 The Code of the Woosters P.G. Wodehouse
0%
1997 American Pastoral Philip Roth
0%
1963 Planet of the Apes Pierre Boulle
0%
1840 What Is Property? Or, an Inquiry into the Principle of Right and Government Pierre-Joseph Proudhon
0%
c. 100 AD Parallel Lives Plutarch
0%
c. 100 AD Moralia Plutarch
0%
c. 98 AD Germania Publius Cornelius Tacitus
0%
1836 Nature Ralph Waldo Emerson
0%
1837 The American Scholar (Speech) Ralph Waldo Emerson
0%
1637 Discourse on the Method René Descartes
0%
1986 The Sportswriter Richard Ford
0%
1940 Native Son Richard Wright
0%
1961 Revolutionary Road Richard Yates
0%
1974 Zen and the Art of Motorcycle Maintenance Robert Pirsig
0%
1974 Dog Soldiers Robert Stone
0%
1898, 1908 Social Reform or Revolution? Rosa Luxemburg
0%
1953 The Adventures of Augie March Saul Bellow
0%
1st Century AD Phaedra Seneca the Younger
0%
1945 The Ethics of Ambiguity Simone de Beauvoir
0%
1989 The Sublime Object of Ideology Slavoj Žižek
0%
1843 Fear and Trembling Søren Kierkegaard
0%
1947 Dialectic of Enlightenment Theodor Adorno | Max Horkheimer
0%
1259-1265 Summa contra Gentiles Thomas Aquinas
0%
1798 An Essay on the Principle of Population Thomas Malthus
0%
1927 The Bridge of San Luis Rey Thornton Wilder
0%
1942 The Skin of Our Teeth Thornton Wilder
0%
1943 Four Quartets T.S. Eliot
0%
29 BCE Georgics Virgil
0%
1961 The Moviegoer Walker Percy
0%
1935 The Work of Art in the Age of Mechanical Reproduction Walter Benjamin
0%
1940 Theses on the Philosophy of History Walter Benjamin
0%
1855 Leaves of Grass Walt Whitman
0%
1930 As I Lay Dying William Faulkner
0%
1955 The Recognitions William Gaddis
0%
1984 Neuromancer William Gibson
0%
1850 The Prelude William Wordsworth
0%
c. 3rd Century BCE Zhuangzi Zhuang Zhou
0%
No matching quizzes found
Score Distribution
Percent of People with Each Score
Percentile by Number Answered
Your Score History
You have not taken this quiz